Cicle de conferències sobre l'esport del futur : 2001-2002 : recull de conferències 2001-2002 :
Descripción Física:
[260] p. ; 30 cm
Materias:
Esport -- Reculls d'escrits
MARC
| LEADER | 00000nam a2200000Ia 4500 | ||
|---|---|---|---|
| 001 | 15334 | ||
| 008 | 160829s2003 xx 000 0 cat d | ||
| 080 | |a P-1-41 | ||
| 245 | |a Cicle de conferències sobre l'esport del futur : |b 2001-2002 : |b recull de conferències | ||
| 250 | |a Ed. no venal | ||
| 260 | |a Barcelona : |b Diputació de Barcelona, Xarxa de Municipis, [Àrea d'Esports], |c 2003 | ||
| 300 | |a [260] p. ; |c 30 cm | ||
| 590 | |a Notes, referències bibliogràfiques, bibliografia. | ||
| 590 | |a Cada recull porta la seva numeració independent | ||
| 650 | |a Esport |x Reculls d'escrits |9 21862 | ||
| 710 | |a Barcelona (Catalunya : Província). |b Àrea d'Esports |9 53827 | ||
| 901 | |a Arxiu | ||
| 942 | |n 1 | ||
| 952 | |0 0 |1 0 |4 0 |6 P141 |7 1 |9 41883 |a Arxiu |b Arxiu |d 2016-12-01 |l 0 |o P-1-41 |p 15334 |r 2016-12-01 00:00:00 |w 2016-12-01 |y ARXIU | ||
| 999 | |c 44330 |d 44330 | ||